Countries With Spears on Their Flags - Statistics

General Stats
  • This quiz has been taken 113 times
  • The average score is 2 of 7
Answer Stats
Answer % Correct
Kenya
92%
Swaziland
65%
Haiti
22%
Ecuador
18%
Bolivia
16%
Dominican Republic
11%
El Salvador
8%
No matching quizzes found
Score Distribution
Percent of People with Each Score
Percentile by Number Answered
Your Score History
You have not taken this quiz